Atlético Madrid Squad 2018/19 - Statistics

General Stats
  • This quiz has been taken 354 times
  • The average score is 15 of 20
Answer Stats
# Position Player Nationality Date of Birth (Age) % Correct
13 Goalkeeper Jan Oblak Slovenian Jan 7, 1993 (25)
100%
7 Centre-Forward Antoine Griezmann French Mar 21, 1991 (27)
94%
2 Centre-Back Diego Godín Uruguayan Feb 16, 1986 (32)
94%
6 Central Midfield Koke Spanish Jan 8, 1992 (26)
92%
15 Centre-Back Stefan Savic Montenegrin Jan 8, 1991 (27)
89%
24 Centre-Back José Giménez Uruguayan Jan 20, 1995 (23)
88%
8 Central Midfield Saúl Niguez Spanish Nov 21, 1994 (24)
85%
11 Left Winger Thomas Lemar French Nov 12, 1995 (23)
83%
3 Left-Back Filipe Luís Brazilian Aug 9, 1985 (33)
82%
10 Right Winger Ángel Correa Argentinean Mar 9, 1995 (23)
78%
20 Right-Back Juanfran Spanish Jan 9, 1985 (33)
74%
21 Left-Back Lucas Hernández French Feb 14, 1996 (22)
73%
5 Defensive Midfield Thomas Ghanaian Jun 13, 1993 (25)
73%
19 Centre-Forward Diego Costa Spanish Oct 7, 1988 (30)
72%
4 Right-Back Santiago Arias Colombian Jan 13, 1992 (26)
63%
14 Defensive Midfield Rodri Spanish Jun 22, 1996 (22)
54%
1 Goalkeeper Antonio Adán Spanish May 13, 1987 (31)
51%
9 Centre-Forward Nikola Kalinic Croatian Jan 5, 1988 (30)
51%
23 Left Winger Vitolo Spanish Nov 2, 1989 (29)
44%
18 Right Winger Gelson Martins Portuguese May 11, 1995 (23)
35%
No matching quizzes found
Score Distribution
Percent of People with Each Score
Percentile by Number Answered
Your Score History
You have not taken this quiz